00639 2200193 4500001002100000005001500021035002000036008004100056245012600097100001500223250001400238260004200252300004600294020002200340084001600362082001000378650003200388990002500420INLIS00000000002622120240315111303 a0010-0823000679240315 b 1 ind 1 aSiapa yang Makan Kesemek Nenek? :bSeri Sastra Anak Asia /cLiu Hangyu ; alih bahasa. Krisna Arya ; editor, Novelya Putri aLiu Hangyu aCetakan 1 aJakarta :bBhuana Ilmu Populer,c2022 a30 halaman :bilustrasi berwarna ;c24 cm a978-623-04-0739-0 a398.2 LIU s a398.2 4aDongeng, Bacaan kanak-kanak a3627/B/DINARPUS/2023